00286nam a2200121Ia 4500008004100000082001600041100001800057245002800075250000800103260003700111300000800148650000800156191201s2009 xx 000 0 und d a658.84bCHS aCHOPRA, Sunil 0aSupply Chain Management a1st aN.DelhibPearson Educationc2009 a643 aMBA